书目信息 |
| 题名: |
外国地名语源词典
|
|
| 作者: | 沈世顺 , 邵献图 , 周定国 , 霍郁华 , 冯圣葆 , 王世珍 编 | |
| 分册: | ||
| 出版信息: | 上海 上海辞书出版社 1983.4 |
|
| 页数: | 567页 | |
| 开本: | 19cm | |
| 丛书名: | ||
| 单 册: | ||
| 中图分类: | K91-61 | |
| 科图分类: | ||
| 主题词: | 地理--世界--词典 | |
| 电子资源: | ||
| ISBN: | ||
| 000 | 00665nam0 2200253 45 | |
| 001 | 0210240908 | |
| 005 | 20060803111251.78 | |
| 010 | @dCNY2.30@b精装 | |
| 091 | @a17187.86 | |
| 100 | @a20021024d1983 km y0chiy0120 ea | |
| 101 | 0 | @achi |
| 200 | 1 | @a外国地名语源词典@AWai Guo Di Ming Yu Yuan Ci Dian@f邵献图等编@FShao Xian Tu Deng Bian |
| 210 | @a上海@c上海辞书出版社@d1983.4 | |
| 215 | @a567页@d19cm | |
| 606 | 0 | @a地理@x世界@x词典 |
| 690 | @aK91-61@v3 | |
| 701 | 0 | @a沈世顺@4编 |
| 701 | 0 | @a邵献图@4编 |
| 701 | 0 | @a周定国@4编 |
| 701 | 0 | @a霍郁华@4编 |
| 701 | 0 | @a冯圣葆@4编 |
| 701 | 0 | @a王世珍@4编 |
| 801 | @aCN@bTSTC@c20060803 | |
| 905 | @dK91-61@e40 | |
| 外国地名语源词典/邵献图等编.-上海:上海辞书出版社,1983.4 |
| 567页;19cm |
| ISBN (精装):CNY2.30 |
| ● |
| 相关链接 |
|
|
|
|
正题名:外国地名语源词典
索取号:K91-61/40
 
预约/预借
| 序号 | 登录号 | 条形码 | 馆藏地/架位号 | 状态 | 备注 |
| 1 | 0114014 | 000804151 | 密集书库/ [索取号:K91-61/40] | 在馆 | |
| 2 | 0114015 | 202092804 | 第二样本阅览室/ [索取号:K91-61/40] | 在馆 | |
| 3 | 0114016 | 001613560 | 密集书库/ [索取号:K91-61/40] | 在馆 | |
| 4 | 0179890 | 202359303 | 密集书库/ [索取号:K91-61/40] | 在馆 | |
| 5 | 0179891 | 000078873 | 工具书阅览室/ [索取号:K91-61/40] | 在馆 | |
| 6 | 0444445 | 204444459 | 密集书库/ [索取号:K91-61/40] | 在馆 | |
| 7 | 0444446 | 204444468 | 密集书库/ [索取号:K91-61/40] | 在馆 |